| 000 | 00795nam a2200229Ia 4500 | ||
|---|---|---|---|
| 001 | 1129 | ||
| 003 | GE_BSU | ||
| 008 | 181216s||||||||xx |||||||||||||| ||und|| | ||
| 020 | _a5505009360 | ||
| 040 | _cGE_BSU | ||
| 080 | _a621.01 | ||
| 100 | _aეზიკაშვილი, ო. | ||
| 245 | _aმანქანათა ნაწილები. | ||
| 245 | _bსახელმძღვ. უმაღ. ტექნიკ. სასწავლებლებისათვის.მე–2 შევს.და გადამ. გამოც. | ||
| 260 | _aთბილისი | ||
| 260 | _bგანათლება | ||
| 260 | _c1991 | ||
| 300 | _a640 გვ.20 სმ. | ||
| 541 | _h20 ლ. | ||
| 653 | _aმანქანათა ნაწილები | ||
| 942 | _cBK | ||
| 999 |
_c35280 _d35280 |
||